00854 a2200205 4500003000500000005001700005020001500022040000900037082001600046100002800062245006500090260004800155300001100203505012000214650003000334942001200364999001900376952012500395952012800520Nust20221012180309.0 a8175961562 cNust a540.712,MAT aMatthews, Philip972697 aAdvanced Chmistrybphysical and IndustrialcPhilip Matthews. aCambridgebCambridge university pressc2006 a976 :P aPART-A: Physical Chemistry (Page-1) PART-B: Industrial Chemistry (Page-495) PART-C: Inorganic Chemistry (Page-531). aAdvanced Chmistry9100064 2ddccBK c179296d179296 00102ddc4070aMCSbMCScGENd2016-12-12o540.712,MATpMCS33534r2016-12-08w2016-12-12yBKzAlmirah No.25, Shelf No.3 00102ddc4070aMCSbMCScGENd2022-10-12l0o540.712,MATpMCS33535r2022-10-12w2022-10-12yBKzAlmirah No.25, Shelf No.3